Reyes de España Durante la Historia - Estadísticas

Estadísticas generales
  • Esta prueba ha sido intentada 468 veces
  • La puntuación promedio es 18 de 20
Estadísticas de respuestas
Años Nombre % Correcto
1700-1724, 1724-1746 Felipe V
99%
2014-presente Felipe VI
98%
1516-1556 Carlos I / Carlos V
97%
1556-1598 Felipe II
97%
1621-1665 Felipe IV
97%
1598-1621 Felipe III
96%
1975-2014 Juan Carlos I
96%
1665-1700 Carlos II
95%
1474-1504 Isabel I
95%
1479-1516 Fernando II
94%
1874-1885 Alfonso XII
91%
1886-1931 Alfonso XIII
91%
1759-1788 Carlos III
91%
1833-1868 Isabel II
91%
1788-1808 Carlos IV
90%
1746-1759 Fernando VI
86%
1813-1833 Fernando VII
85%
1808-1813 José I
77%
1871-1873 Amadeo I
75%
1724 Luis I
65%
No se encontraron pruebas coincidentes
Distribución de puntuación
Porcentaje de gente con cada puntuación
Porcentaje por número respondido
Historial de tus puntuaciones
No has intentado esta prueba.